<?xml version="1.0" encoding="UTF-8"?>
<record
    xmlns:xsi="http://www.w3.org/2001/XMLSchema-instance"
    xsi:schemaLocation="http://www.loc.gov/MARC21/slim http://www.loc.gov/standards/marcxml/schema/MARC21slim.xsd"
    xmlns="http://www.loc.gov/MARC21/slim">

  <leader>00579nam a22001937a 4500</leader>
  <controlfield tag="005">20250421121451.0</controlfield>
  <controlfield tag="008">250222b        |||||||| |||| 00| 0 eng d</controlfield>
  <datafield tag="020" ind1=" " ind2=" ">
    <subfield code="a">9789355428929</subfield>
  </datafield>
  <datafield tag="041" ind1=" " ind2=" ">
    <subfield code="a">English</subfield>
  </datafield>
  <datafield tag="082" ind1=" " ind2=" ">
    <subfield code="a">005.726 KOL</subfield>
    <subfield code="b">33622</subfield>
  </datafield>
  <datafield tag="100" ind1=" " ind2=" ">
    <subfield code="a">Kolokolov Alex, Maxim Zelensky</subfield>
  </datafield>
  <datafield tag="245" ind1=" " ind2=" ">
    <subfield code="a">Data Visualization With Microsoft Power BI</subfield>
    <subfield code="b">How to Design Savvy Dashboards</subfield>
  </datafield>
  <datafield tag="250" ind1=" " ind2=" ">
    <subfield code="a">1st</subfield>
  </datafield>
  <datafield tag="260" ind1=" " ind2=" ">
    <subfield code="a">USA</subfield>
    <subfield code="b">O'Reilly Books</subfield>
    <subfield code="c">2024</subfield>
  </datafield>
  <datafield tag="300" ind1=" " ind2=" ">
    <subfield code="a">23. cm 397. Pages</subfield>
  </datafield>
  <datafield tag="365" ind1=" " ind2=" ">
    <subfield code="a">Rs</subfield>
    <subfield code="b">2500</subfield>
  </datafield>
  <datafield tag="650" ind1=" " ind2=" ">
    <subfield code="a">Microsoft Power, Business intelligence--Computer programs.</subfield>
  </datafield>
  <datafield tag="942" ind1=" " ind2=" ">
    <subfield code="c">BK</subfield>
  </datafield>
  <datafield tag="999" ind1=" " ind2=" ">
    <subfield code="c">43328</subfield>
    <subfield code="d">43328</subfield>
  </datafield>
  <datafield tag="952" ind1=" " ind2=" ">
    <subfield code="0">0</subfield>
    <subfield code="1">0</subfield>
    <subfield code="2">ddc</subfield>
    <subfield code="4">0</subfield>
    <subfield code="7">0</subfield>
    <subfield code="8">Management</subfield>
    <subfield code="a">IMTN</subfield>
    <subfield code="b">IMTN</subfield>
    <subfield code="c">Rack 3-B</subfield>
    <subfield code="d">2025-02-22</subfield>
    <subfield code="e">Amazon</subfield>
    <subfield code="g">2500.00</subfield>
    <subfield code="i">QWWC-27008</subfield>
    <subfield code="l">4</subfield>
    <subfield code="o"> 005.726 KOL</subfield>
    <subfield code="p">33915</subfield>
    <subfield code="q">2026-04-07</subfield>
    <subfield code="r">2025-12-08 11:56:49</subfield>
    <subfield code="s">2025-12-08</subfield>
    <subfield code="w">2025-02-10</subfield>
    <subfield code="y">BK</subfield>
    <subfield code="z">Dr. Senthil Kumar (Faculty Purchase)</subfield>
  </datafield>
</record>
